Syntheses of organic medicinal compounds

Guardat en:
Dades bibliogràfiques
Format: Llibre
Idioma:Undetermined
Publicat: Oxford, UK ALpha Science International Ltd. 2006
Matèries:
Etiquetes: Afegir etiqueta
Sense etiquetes, Sigues el primer a etiquetar aquest registre!
Thư viện lưu trữ: Trung tâm Học liệu Trường Đại học Cần Thơ
LEADER 00543nam a2200193Ia 4500
001 CTU_128405
008 210402s9999 xx 000 0 und d
020 |c 925000 
082 |a 547.2 
082 |b I.79 
245 0 |a Syntheses of organic medicinal compounds 
245 0 |c Edited by M. P. S. Isha and Abdul Faruk 
260 |a Oxford, UK 
260 |b ALpha Science International Ltd. 
260 |c 2006 
650 |a Organic compounds 
650 |x Synthesis. 
904 |i Minh 
980 |a Trung tâm Học liệu Trường Đại học Cần Thơ